Ukryte hasło geograficzne - quiz z okazji 300k - Statystyki

Ogólne statystyki
  • Ten quiz został rozwiązany 184 razy
  • Średni wynik to 13 z 18
Statystyki odpowiedzi
Wskazówka Odpowiedź % Poprawnych
Czteroliterowe państwo Afryki na literę C Czad
100%
Stolica Białorusi Mińsk
98%
Państwo, którego stolicą jest Bukareszt Rumunia
97%
Państwo, którego stolicą jest Jerozolima Izrael
95%
Największe jezioro w Polsce Śniardwy
94%
Jedyne państwo na tę literę (leży w Azji) Oman
90%
Państwo, w którym stworzony został ChatGPT Stany Zjednoczone
89%
Państwo, w którym leży Cork Irlandia
81%
Azjatyckie państwo-miasto Singapur
79%
Stolica Kazachstanu Astana
78%
Stolica Hawajów Honolulu
69%
Najpopularniejsza tanzańska wyspa Zanzibar
65%
Drugie największe miasto na prawach powiatu w woj. małopolskim Tarnów
64%
Angielska nazwa Jugosławii Yugoslavia
61%
Stolica Uzbekistanu Taszkent
56%
Stolica Nauru Yaren
32%
Najdłuższe słodkowodne jezioro świata Tanganika
31%
Hasło końcowe: Chomiś Trzysta Tysi
30%
Nie znaleziono quizów pasujących do podanych kryteriów
Rozkład punktacji
Procent ludzi z każdym wynikiem
Percentyl według liczby udzielonych odpowiedzi
Twoja historia wyników
Nie rozwiązałeś tego quizu